000 00910cam a22002537a 4500
001 16680882
005 20150331110053.0
008 110307t2010 maua fr 001 0 eng d
020 _a9781418835941 (pbk.)
020 _a1418835943 (pbk.)
040 _aUKM
_cUKM
_dYDXCP
_dTXA
_dBTCTA
_dVRC
_dDLC
_dEG-ScBUE
082 0 0 _a006.7
_222
_bHAV
100 1 _aHavaldar, Parag.
_937551
245 1 0 _aMultimedia systems :
_balgorithms, standards, and industry practices /
_cParag Havaldar and Gerard Medioni.
260 _aBoston :
_bCourse Technology, Cengage Learning,
_cc.2010.
300 _axxiii, 560 p. :
_bill. (col.) ;
_c24 cm.
500 _aIndex : p. 545-560.
650 0 _aMultimedia systems
_vTextbooks.
_937553
650 0 _aMultimedia systems industry
_vTextbooks.
_937554
653 _bENGELC
_cMarch2015
655 _vreading book
_934232
700 1 _aMedioni, Gérard
_937556
942 _2ddc
_k006.7 HAV
999 _c19142
_d19114